Traduction Français/Anglais voc spé : II.1. Les métiers - Statistiques

Statistiques générales
  • Ce quiz a été pris 7 fois
  • Le résultat moyen est 4 sur 50
Statistiques - réponses
Hint Réponse % Correct
un architecte an architect
100%
le sable sand
100%
un avocat a lawyer
75%
l'huile oil
75%
la peinture paint
75%
une secrétaire a secretary
67%
un électricien an electrician
33%
un bureau an office
33%
les comptes the accounts
33%
le siège (principal) the headquarters
33%
un cadre an executive
25%
une vis a screw
25%
le travail de bureau office work
25%
un marteau a hammer
20%
une tuile, un carreau (carrelage) a tile
20%
une brique a brick
0%
un maçon a bricklayer
0%
un pinceau a brush
0%
un entrepreneur en bâtiment a building contractor / a builder
0%
un ébéniste a cabinet maker
0%
un charpentier a carpenter
0%
la comptabilité accountancy
0%
un (expert-) comptable a (chartered) accountant
0%
une vérification a check-up
0%
un circuit a circuit
0%
un fonctionnaire a civil servant
0%
un employé de bureau a clerk
0%
un raccordement a connection
0%
un expert-conseil a consultant
0%
un art, un métier a craft
0%
un artisan, un homme de métier a craftsman
0%
un cylindre a cylinder
0%
un dessinateur industriel a draughtsman
0%
un fusible a fuse
0%
un garage a garage
0%
un cric a jack
0%
un menuisier a joiner
0%
un four a kiln
0%
un tour a lathe
0%
un mécanicien a mechanic / an engineer
0%
un clou a nail
0%
un moteur an engine / a motor
0%
un responsable an official
0%
une révision complète an overhaul
0%
un peintre a painter
0%
une secrétaire de direction a personal assistant /(PA)
0%
un rabot a plane
0%
une planche a plank
0%
un plâtrier a plasterer
0%
une prise a plug
0%
un potier a potter
0%
une scie a saw
0%
un tournevis a screwdriver
0%
une clé a spanner
0%
un tailleur de pierres a stone mason
0%
un géomètre a surveyor
0%
un commutateur a switch
0%
un couvreur, un carreleur a tiler
0%
une truelle a trowel
0%
une soupape a valve
0%
la porcelaine (bone)/ china
0%
le parpaing breeze block
0%
la bureaucratie bureaucracy
0%
la réparation automobile car repairs
0%
le ciment cement
0%
l'argile clay
0%
le béton concrete
0%
la connaissance d'un métier craftsmanship
0%
le bricolage DIY /(do-it-yourself)
0%
le double vitrage double glazing
0%
la faïence, la terre cuite earthenware
0%
l'électrotechnique electrical engineering
0%
le cambouis grease
0%
l'isolation insulation
0%
la maçonnerie masonry
0%
la mécanique mechanical engineering
0%
le mortier mortar
0%
un bleu de travail overalls
0%
peinture et décoration painting and decorating
0%
la paperasserie paperwork /red tape
0%
la poterie pottery
0%
la révision servicing
0%
les freins the brakes
0%
l'industrie du bâtiment the building industry
0%
l'embrayage the clutch
0%
le système de refroidissement the cooling system
0%
la boîte de vitesses the gearbox
0%
la direction the management
0%
les professions libérales the professions
0%
le radiateur the radiator
0%
le personnel the staff / the personnel
0%
la transmission the transmission
0%
l'installation électrique the wiring
0%
le papier peint wallpaper
0%
la menuiserie woodwork
0%
Aucun quiz correspondant
Distribution des résultats
% des personnes avec chaque résultat
Percentile par nombre de réponses
Votre historique - résultats
Vous n’avez pas pris ce quiz